Library of the University of Algiers 3
Ibrahim Sultan Cheibout
شعار جامعة الجزائر 3
مكتبة جامعة الجزائر 3
إبراهيم سلطان شيبوط

المدخل للعلوم القانونية : (رقم التسجيلة. 46283)

تفاصيل مارك
000 -LEADER
fixed length control field 01163nam a2200241Ia 4500
003 - CONTROL NUMBER IDENTIFIER
control field Ost
005 - DATE AND TIME OF LATEST TRANSACTION
control field 20260507075801.0
008 - FIXED-LENGTH DATA ELEMENTS--GENERAL INFORMATION
fixed length control field 260507s9999||||xx |||||||||||||| ||und||
020 ## - INTERNATIONAL STANDARD BOOK NUMBER
International Standard Book Number 9961805968
040 ## - CATALOGING SOURCE
Transcribing agency fsecg
041 ## - LANGUAGE CODE
Language code of text/sound track or separate title ara
082 ## - DEWEY DECIMAL CLASSIFICATION NUMBER
Classification number 340.1
100 ## - MAIN ENTRY--PERSONAL NAME
Personal name بعلي، محمد الصغير
Relator term مؤلف
245 #0 - TITLE STATEMENT
Title المدخل للعلوم القانونية :
Remainder of title نظرية القانون ونظرية الحق /
Statement of responsibility, etc. محمد الصغير بعلي
260 ## - PUBLICATION, DISTRIBUTION, ETC.
Place of publication, distribution, etc. الجزائر :
Name of publisher, distributor, etc. دار العلوم للنشر والتوزيع,
300 ## - PHYSICAL DESCRIPTION
Extent 232 صفحة؛
Other physical details إيضاحات ؛
Dimensions 24 سم
504 ## - BIBLIOGRAPHY, ETC. NOTE
Bibliography, etc. note بيبيلوغرافيا: ص ص225-226
520 ## - SUMMARY, ETC.
Summary, etc. يضم مقدمة عامة القانون والمجتمع، نظرية القانون ، القانون وصلته بالقواعد الاجتماعية ، مصادر القانون ، تفسير القانون ونطاق تطبيق القانون، نظرية الحق، الحق وتقسيماته، أركان الحق، آثار الحق وإنقضاء الحق.
653 ## - INDEX TERM--UNCONTROLLED
Uncontrolled term الحق
653 ## - INDEX TERM--UNCONTROLLED
Uncontrolled term القانون
653 ## - INDEX TERM--UNCONTROLLED
Uncontrolled term القانون- نظريات
942 ## - ADDED ENTRY ELEMENTS (KOHA)
Koha item type كتب
المقتنيات
Withdrawn status Lost status Source of classification or shelving scheme Damaged status Not for loan Home library Current library Date acquired Serial enumeration / chronology Inventory number Total checkouts Full call number Barcode Date last seen Price effective from Koha item type
    Library of Congress Classification   NOT LOAN / إعارة داخلية مكتبة كلية العلوم الإقتصادية والعلوم التجارية وعلوم التسيير مكتبة كلية العلوم الإقتصادية والعلوم التجارية وعلوم التسيير 07/05/2026 الطابق الأرضي 025.21/536   487/025.21ن01 025.21/536 07/05/2026 07/05/2026 كتب

موارد الويب المفتوحة


© University of Algiers 3 All Rights Reserved
|
Implemented by LECHELAH Riad